| 000 | 00576nam a22001817a 4500 | ||
|---|---|---|---|
| 008 | 210912b |||||||| |||| 00| 0 eng d | ||
| 082 | _aCD18106 | ||
| 100 |
_aBishwas, Jitendra Kumar _936424 |
||
| 245 | _aPopulation status and breeding sucess of lesser adjutant stork (leptoptilos javanicus horsfield,1821) in koshi tappu wildlife reserve, Nepal | ||
| 260 |
_aKathmandu: _c2017 |
||
| 502 | _aDissertation ( Degree in Sociology),TU | ||
| 650 | _aBreeding | ||
| 650 | _aBirds | ||
| 650 | _aWildlife | ||
| 650 | _aSociology | ||
| 653 | _aKoshi tappu | ||
| 942 |
_2ddc _cVM |
||
| 999 |
_c101684 _d101673 |
||